00517nam a2200157Ia 4500008004100000020001800041082001600059100004400075245009500119250000700214260004600221300002300267500001900290600003300309650001700342240925s9999 xx 000 0 und d a9780199403363 a068.5491AYU aAyub, Mahmood Ali; Hussain, Syed Turab 0aCandles in the Dark: successful organizations in Pakistan's weak institutional environment aNA aKarachi:bOxford University Pressc,2016. a333p.b0fOriginal aIncludes Index aHumanities & Natural Science aGeneral Work